India's ancient past / (Record no. 105923)

MARC details
000 -LEADER
fixed length control field 00762nam a22002177a 4500
005 - DATE AND TIME OF LATEST TRANSACTION
control field 20170207150500.0
010 ## - LCCN (DPL NO)
LC control number B-654494
020 ## - INTERNATIONAL STANDARD BOOK NUMBER
International Standard Book Number 019568785x
Terms of availability 330.00
020 ## - INTERNATIONAL STANDARD BOOK NUMBER
International Standard Book Number 9780195687859
Terms of availability 330.00
035 ## - SYSTEM CONTROL NUMBER
System control number B-654494
037 ## - SOURCE OF ACQUISITION
Source of stock number/acquisition L/RP/K.K. Publications
082 ## - DEWEY DECIMAL CLASSIFICATION NUMBER
Classification number 934
100 ## - MAIN ENTRY--PERSONAL NAME
Personal name Sharma, R.S.
245 ## - TITLE STATEMENT
Title India's ancient past /
Statement of responsibility, etc by R.S. Sharma
260 ## - PUBLICATION, DISTRIBUTION, ETC. (IMPRINT)
Place of publication, distribution, etc New Delhi
Name of publisher, distributor, etc Oxford University Press
Date of publication, distribution, etc 2016
270 ## - ADDRESS
Address YMCA Library Building,1 Jai Singh Road
City New Delhi
Postal code 110001
300 ## - PHYSICAL DESCRIPTION
Extent xi,387p. :
Dimensions 22cm(pbk)
Other physical details ill.
500 ## - GENERAL NOTE
General note Includes bibilographical references and index
942 ## - ADDED ENTRY ELEMENTS (KOHA)
Source of classification or shelving scheme Dewey Decimal Classification
Item type English Books
Classification part 934
Call number suffix SHA
Holdings
Withdrawn status Lost status Not for loan Collection code Home library Current library Date acquired Source of acquisition Cost, normal purchase price Full call number Barcode Copy number Cost, replacement price Koha item type
      Non-fiction Central Library Central Library 20/01/2017 K.K.Publications/BL233/7.1.2017/RP4/5.1.2017/16.1.2017 330.00 934 SHA B-654494 1 330.00 English Books

© Delhi Public Library
Hit Counter
free hit counter